[Event "50th Rilton Cup 2022-23"]
[Site "Stockholm SWE"]
[Date "2022.12.29"]
[Round "3.43"]
[White "Tulchynskyi, Feliks"]
[Black "Van Dael, Siem"]
[Result "0-1"]
[BlackTitle "FM"]
[WhiteElo "2135"]
[BlackElo "2345"]
[WhiteFideId "34127895"]
[BlackFideId "1049771"]
[EventDate "2022.12.27"]

1. d4 Nf6 2. c4 g6 3. Nc3 Bg7 4. e4 d6 5. h3 O-O 6. Be3 c6 7. Nf3 Na6 8. Be2 e5
9. d5 Nh5 10. O-O Nf4 11. Re1 c5 12. Bf1 f5 13. Bxf4 exf4 14. e5 dxe5 15. Nxe5
Re8 16. Nd3 Rxe1 17. Qxe1 g5 18. Nb5 Bd7 19. Ne5 Nb4 20. Nxd7 Qxd7 21. Qe6+ Qxe6
22. dxe6 Re8 23. Re1 Nc2 24. Nd6 Nxe1 25. Nxe8 Be5 26. Be2 Kf8 27. Bh5 Ke7 28.
Bf7 Nc2 29. h4 g4 30. h5 h6 31. Kf1 Nd4 32. Bg6 Kxe6 33. Ke1 Ke7 34. b3 b6 35.
Kd1 g3 36. Ke1 Nf3+ 37. Kf1 Nh2+ 38. Kg1 Bd4 39. Nc7 gxf2+ 0-1

[Event "50th Rilton Cup 2022-23"]
[Site "Stockholm SWE"]
[Date "2022.12.29"]
[Round "3.44"]
[White "Sarkar, Justin"]
[Black "Priyanka, K"]
[Result "1/2-1/2"]
[WhiteTitle "IM"]
[BlackTitle "WIM"]
[WhiteElo "2343"]
[BlackElo "2146"]
[WhiteFideId "2010011"]
[BlackFideId "5082986"]
[EventDate "2022.12.27"]

1. e4 c5 2. Nc3 a6 3. g3 b5 4. Bg2 Bb7 5. Nge2 e6 6. d4 cxd4 7. Nxd4 Nf6 8. a3
Qc7 9. O-O d6 10. Re1 Be7 11. a4 bxa4 12. Rxa4 Nbd7 13. Nb3 O-O 14. Na5 Nc5 15.
Ra2 e5 16. Nd5 Nxd5 17. exd5 f5 18. b4 Nd7 19. c4 e4 20. f3 Ne5 21. fxe4 Nxc4
22. Nxc4 Qxc4 23. Rc2 Qxb4 24. Rb2 Qc5+ 25. Be3 Qc7 26. Qb3 Bc8 27. e5 a5 28.
Rc1 Qd7 29. e6 Qe8 30. Qb5 Qxb5 31. Rxb5 a4 32. Ra1 g5 33. Ra3 f4 34. gxf4 gxf4
35. Bd4 Ba6 36. Ra5 Be2 37. Rxa8 Rxa8 38. Kf2 Bh5 39. Be4 Bg4 40. Kg2 Bh4 41.
Rc3 Bd8 42. Rc6 Be7 43. Rc7 Kf8 44. Bxh7 Bh5 45. Ba1 a3 46. Rc4 Bg5 47. h4 f3+
48. Kf2 Bd8 49. Rf4+ Ke8 50. Bc2 Be7 51. Be4 Rc8 52. Bxf3 Bxf3 53. Rxf3 Bxh4+
54. Kg2 Ra8 55. Rf4 Bd8 56. Rf5 a2 57. Rh5 Rb8 58. Rh8+ Ke7 59. Rh7+ Ke8 60. Bh8
Be7 1/2-1/2

[Event "50th Rilton Cup 2022-23"]
[Site "Stockholm SWE"]
[Date "2022.12.29"]
[Round "3.45"]
[White "Lahdelma, Henri"]
[Black "Goh, Zi Han"]
[Result "1-0"]
[WhiteTitle "FM"]
[BlackTitle "CM"]
[WhiteElo "2332"]
[BlackElo "2126"]
[WhiteFideId "510394"]
[BlackFideId "5819156"]
[EventDate "2022.12.27"]

1. e4 c5 2. Nf3 d6 3. Bb5+ Nd7 4. a4 Nf6 5. Nc3 e6 6. d4 cxd4 7. Qxd4 Be7 8. O-O
O-O 9. Rd1 a6 10. Be2 Qc7 11. Be3 Ne5 12. Nxe5 dxe5 13. Qb6 Qb8 14. a5 Bd7 15.
f3 Rc8 16. Rd2 Be8 17. Rad1 Qc7 18. Qxc7 Rxc7 19. Na2 Rac8 20. Bd3 Bc5 21. Bxc5
Rxc5 22. b4 R5c7 23. c4 Kf8 24. Nc3 Rb8 25. Rb2 Ng8 26. Bf1 Ne7 27. Ra1 Nc6 28.
Na4 Nd4 29. Nb6 f5 30. Re1 Re7 31. c5 Bc6 32. Nc4 Rbe8 33. Nxe5 Ba4 34. Ra1 Bc6
35. Rd1 Nb5 36. Nxc6 bxc6 37. Bxb5 axb5 38. Rd6 Rc7 39. Re2 Ree7 40. Kf2 g6 41.
Kg3 Kf7 42. Red2 Re8 43. Rd7+ Re7 44. Rd8 Re8 45. R2d7+ Re7 46. Rd6 e5 47. Rh8
Kg7 48. Rb8 Kf7 49. Rb6 Re6 50. a6 Ke7 51. Rb7 Rxd6 52. Rxc7+ Rd7 53. Rxd7+ Kxd7
54. a7 1-0

[Event "50th Rilton Cup 2022-23"]
[Site "Stockholm SWE"]
[Date "2022.12.29"]
[Round "3.46"]
[White "Krasenkow, Michal"]
[Black "Guillo Longares, Cecilia"]
[Result "1-0"]
[WhiteTitle "GM"]
[BlackTitle "WFM"]
[WhiteElo "2541"]
[BlackElo "1941"]
[WhiteFideId "1113100"]
[BlackFideId "32082681"]
[EventDate "2022.12.27"]

1. d4 Nf6 2. c4 c5 3. d5 g6 4. Nc3 d6 5. e4 Bg7 6. h3 O-O 7. Nf3 e6 8. Bd3 Na6
9. Bg5 h6 10. Be3 Nc7 11. Qd2 Kh7 12. g4 Ng8 13. g5 h5 14. Nh4 e5 15. f4 f5 16.
exf5 Bxf5 17. Bxf5 Rxf5 18. Nxf5 gxf5 19. fxe5 Bxe5 20. Bf4 Na6 21. O-O-O Nb4
22. Bxe5 dxe5 23. a3 Na6 24. Rdf1 Kg6 25. Rxf5 Kxf5 26. Qd3+ Kxg5 27. Rg1+ Kf6
28. Qg6+ Ke7 29. Qe6+ 1-0

[Event "50th Rilton Cup 2022-23"]
[Site "Stockholm SWE"]
[Date "2022.12.29"]
[Round "3.47"]
[White "Schenderowitsch, Michael"]
[Black "Meshkovs, Nikita"]
[Result "0-1"]
[WhiteTitle "FM"]
[BlackTitle "GM"]
[WhiteElo "2269"]
[BlackElo "2566"]
[WhiteFideId "4661923"]
[BlackFideId "11602740"]
[EventDate "2022.12.27"]

1. d4 Nf6 2. c4 e6 3. Nf3 d5 4. Nc3 a6 5. cxd5 exd5 6. Bg5 Be6 7. e3 Nbd7 8. Bd3
Bd6 9. Bf4 Qe7 10. O-O h6 11. h3 O-O 12. Qc2 Rac8 13. Bxd6 Qxd6 14. Rac1 c5 15.
dxc5 Nxc5 16. Rfd1 b5 17. Qb1 b4 18. Ne2 Rc7 19. Nfd4 Rfc8 20. Nb3 Nfd7 21. Nxc5
Nxc5 22. Nd4 Qe5 23. Bf5 Qf6 24. Rf1 Kf8 25. Rcd1 Qe5 26. Bd3 Bd7 27. Bf5 Be6
28. Bd3 a5 29. Qc2 Bd7 30. Qd2 g6 31. Bb1 Qf6 32. Ne2 Bb5 33. Rfe1 Bxe2 34. Qxe2
Na4 35. Rxd5 Qxb2 36. Rd2 Qe5 37. f4 Qc5 38. Kh2 Nc3 39. Qf3 Re7 40. e4 Qc6 41.
Qd3 Qc4 42. Qd6 Nxb1 43. Rxb1 Qxe4 44. Rf1 Kg7 45. f5 gxf5 46. Kh1 Rc3 47. Kg1
Qe5 48. Qd8 Re6 49. Rdf2 Rg6 50. Qh4 Rg5 51. Kh1 Qd5 52. Kh2 Ra3 53. Qf4 Rxa2
54. Rxa2 Qxa2 55. Qd4+ Kh7 56. Rf2 Qe6 57. Rf3 Rg6 58. Kh1 Qe2 59. Rf2 Qe1+ 60.
Kh2 Qe4 61. Qa7 Qe5+ 62. Kg1 Kg7 63. Ra2 b3 64. Qxa5 Qd4+ 65. Rf2 b2 66. Qe1 Rc6
67. Kh2 Rc1 0-1

[Event "50th Rilton Cup 2022-23"]
[Site "Stockholm SWE"]
[Date "2022.12.29"]
[Round "3.48"]
[White "Wernberg, Hugo"]
[Black "Khenkin, Igor"]
[Result "1/2-1/2"]
[WhiteTitle "FM"]
[BlackTitle "GM"]
[WhiteElo "2255"]
[BlackElo "2508"]
[WhiteFideId "1737511"]
[BlackFideId "4659600"]
[EventDate "2022.12.27"]

1. e4 c5 2. Nf3 Nc6 3. c3 d5 4. exd5 Qxd5 5. d4 Bf5 6. dxc5 Qxd1+ 7. Kxd1 e5 8.
b4 Nf6 9. Nbd2 O-O-O 10. Bb2 Ng4 11. Ke1 e4 12. Nd4 Nxd4 13. cxd4 e3 14. fxe3
Nxe3 15. Kf2 Nc2 16. Rc1 Nxb4 17. Bc4 Be7 18. Nf3 Nd3+ 19. Bxd3 Bxd3 20. Rhe1
Bf6 21. Ne5 Bxe5 22. Rxe5 Rhe8 23. Rce1 Rxe5 24. Rxe5 Bc4 25. a3 f6 26. Re7 Rd7
27. Rxd7 Kxd7 28. Ke3 Ke6 29. g3 Bb3 30. Bc3 Kd5 31. Ba5 Ba4 32. Bd8 Kc4 33. Ba5
Bc6 34. Bd2 Kb3 35. Bb4 g5 36. h4 h6 37. Kd3 f5 38. hxg5 hxg5 39. Ke3 a6 40. Ke2
f4 41. gxf4 gxf4 42. Kf2 Kb2 43. Ke2 Kc2 44. Ba5 Bd5 45. Bb4 Be4 46. Ba5 Kb2 47.
Bb4 Kb3 48. Kf2 Bc6 49. Ke2 Kc4 50. Bd2 f3+ 51. Ke3 Kb5 52. Be1 Ka4 53. Bb4 Bd5
54. Kf2 Bc6 55. Ke3 Kb5 56. Be1 a5 57. Bd2 a4 58. Be1 Kc4 59. Bb4 Kb3 60. Kf2
Kc2 61. Ke3 Bd5 62. Ba5 Kb3 63. Bb4 Bc6 64. Kf2 1/2-1/2

[Event "50th Rilton Cup 2022-23"]
[Site "Stockholm SWE"]
[Date "2022.12.29"]
[Round "3.49"]
[White "Muetsch, Annmarie"]
[Black "Vestby-Ellingsen, Mads"]
[Result "1-0"]
[WhiteTitle "WIM"]
[BlackTitle "IM"]
[WhiteElo "2251"]
[BlackElo "2389"]
[WhiteFideId "12971367"]
[BlackFideId "1520857"]
[EventDate "2022.12.27"]

1. d4 Nf6 2. Bg5 d5 3. Bxf6 gxf6 4. e3 c5 5. dxc5 Nc6 6. Nd2 e6 7. Nb3 Bxc5 8.
Nxc5 Qa5+ 9. c3 Qxc5 10. Ne2 Bd7 11. b4 Qe7 12. Nf4 O-O-O 13. Be2 Kb8 14. O-O
Rhg8 15. Kh1 Qf8 16. Rc1 Qg7 17. Rg1 Qg5 18. c4 dxc4 19. Rxc4 Bc8 20. Qc1 e5 21.
Rc5 Bf5 22. Rxc6 exf4 23. exf4 Qg6 24. Rc3 Be4 25. Rg3 Qf5 26. Rxg8 Rxg8 27. f3
Bc6 28. Qd2 Qd5 29. Rd1 Qxd2 30. Rxd2 Re8 31. Kg1 b5 32. Kf2 Kc7 33. Rc2 Kd6 34.
Bd3 h6 35. a3 a6 36. Rc5 Bd5 37. h4 Bc6 38. Rh5 Bd5 39. Rxh6 Ke7 40. Rh5 Kd6 41.
Rf5 Rh8 42. Be4 Be6 43. Rc5 Rxh4 44. Rc6+ Ke7 45. Rxa6 Bc4 46. Rb6 Rh1 47. Bc6
Ra1 48. Bxb5 Bxb5 49. Rxb5 Rxa3 50. g4 Rb3 51. g5 f5 52. Re5+ Kf8 53. b5 Kg7 54.
Rxf5 Rb2+ 55. Kg3 f6 56. Rc5 Kg6 57. Rc6 Kh5 58. Rxf6 1-0

[Event "50th Rilton Cup 2022-23"]
[Site "Stockholm SWE"]
[Date "2022.12.29"]
[Round "3.50"]
[White "Wagh, Suyog"]
[Black "Larsen, Karsten"]
[Result "1-0"]
[WhiteTitle "FM"]
[BlackTitle "FM"]
[WhiteElo "2376"]
[BlackElo "2248"]
[WhiteFideId "25071688"]
[BlackFideId "1404288"]
[EventDate "2022.12.27"]

1. d4 d5 2. c4 e6 3. Nf3 Nf6 4. g3 Nc6 5. Bg2 dxc4 6. Qa4 Nd7 7. Qxc4 Nb6 8. Qb5
Bd7 9. Qd3 Bd6 10. Nc3 O-O 11. O-O h6 12. e4 e5 13. dxe5 Nxe5 14. Nxe5 Bxe5 15.
f4 Bd6 16. Be3 Bc6 17. Rad1 Bb4 18. e5 Qxd3 19. Rxd3 Bxg2 20. Kxg2 Bxc3 21. bxc3
Rfd8 22. Rfd1 Rxd3 23. Rxd3 Kf8 24. Kf3 Ke8 25. Ke4 Nc4 26. Bc1 Rd8 27. Rd4 Na5
28. g4 Nc6 29. Rxd8+ Nxd8 30. f5 Nc6 31. h4 Kf8 32. Be3 a6 33. Bc5+ Ke8 34. h5
Nd8 35. g5 hxg5 36. f6 gxf6 37. exf6 Ne6 38. h6 Nf4 39. h7 Ng6 40. Kf5 Kd7 41.
Kxg5 Ke6 42. Be7 b5 43. Kh6 c5 44. Kg7 b4 45. c4 1-0

[Event "50th Rilton Cup 2022-23"]
[Site "Stockholm SWE"]
[Date "2022.12.29"]
[Round "3.51"]
[White "Ornstein, Axel"]
[Black "Deuer, Marius"]
[Result "0-1"]
[WhiteTitle "IM"]
[BlackTitle "FM"]
[WhiteElo "2249"]
[BlackElo "2324"]
[WhiteFideId "1700111"]
[BlackFideId "16236432"]
[EventDate "2022.12.27"]

1. d4 Nf6 2. c4 e6 3. Nc3 Bb4 4. e3 b6 5. Ne2 c5 6. a3 Ba5 7. Rb1 Qe7 8. Bd2 O-O
9. b4 cxb4 10. Nb5 Nc6 11. axb4 Bxb4 12. Bxb4 Nxb4 13. Nf4 Bb7 14. Qa4 a5 15.
Be2 Ne4 16. Rc1 e5 17. dxe5 Qxe5 18. O-O Bc6 19. Qa3 Bxb5 20. cxb5 Rac8 21. Nd3
Nxd3 22. Bxd3 Qd6 23. Qxd6 Nxd6 24. Rcd1 f5 25. Bb1 Nxb5 26. Rxd7 Nc3 27. Bd3 b5
28. Ra1 a4 29. Rd4 Rfd8 30. Bxf5 Rxd4 31. exd4 Rd8 32. d5 b4 33. Kf1 Kf8 34.
Bxh7 Rxd5 35. Ke1 Kf7 36. Bc2 b3 0-1

[Event "50th Rilton Cup 2022-23"]
[Site "Stockholm SWE"]
[Date "2022.12.29"]
[Round "3.52"]
[White "Lye, Lik Zang"]
[Black "Rakesh, Kumar Jena"]
[Result "0-1"]
[WhiteTitle "FM"]
[BlackTitle "IM"]
[WhiteElo "2241"]
[BlackElo "2303"]
[WhiteFideId "5712181"]
[BlackFideId "5084822"]
[EventDate "2022.12.27"]

1. d4 d5 2. c4 e6 3. Nc3 Bb4 4. cxd5 exd5 5. Bf4 Nf6 6. e3 O-O 7. Bd3 c6 8. Qc2
Re8 9. Ne2 Bg4 10. f3 Bh5 11. O-O-O Nbd7 12. g4 Bg6 13. Bxg6 hxg6 14. h4 Nh7 15.
g5 Ndf8 16. h5 Bd6 17. Bxd6 Qxd6 18. e4 dxe4 19. Nxe4 Qe6 20. N2c3 Qf5 21. Qg2
Ne6 22. hxg6 fxg6 23. Rdg1 Rad8 24. Kb1 Nhxg5 25. Ka1 Nxf3 26. Rf1 Nexd4 27. Qf2
Rxe4 28. Nxe4 Qxe4 29. Rc1 Nd2 30. Qh2 Qb1+ 31. Rxb1 Nc2# 0-1

[Event "50th Rilton Cup 2022-23"]
[Site "Stockholm SWE"]
[Date "2022.12.29"]
[Round "3.53"]
[White "Kononenko, Dmitry2"]
[Black "Seo, Jung Hyun"]
[Result "1-0"]
[WhiteTitle "FM"]
[WhiteElo "2301"]
[BlackElo "2156"]
[WhiteFideId "14113538"]
[BlackFideId "1735667"]
[EventDate "2022.12.27"]

1. e4 c6 2. d4 d5 3. exd5 cxd5 4. c3 Nc6 5. Bd3 Qc7 6. h3 g6 7. Nf3 Bf5 8. Be2
Nf6 9. O-O h5 10. Re1 Bg7 11. Be3 a6 12. Qc1 Qc8 13. Nbd2 O-O 14. Bf4 Re8 15.
Ne5 Nd7 16. Bf3 Nb6 17. Nf1 f6 18. Nxc6 bxc6 19. Ne3 e5 20. Bh2 Be6 21. Qd1 Qd7
22. Be2 e4 23. Qb3 Nc8 24. c4 Nd6 25. cxd5 cxd5 26. Rac1 Nb5 27. Qa4 Rec8 28.
Bf1 f5 29. Rxc8+ Rxc8 30. Qxa6 Nxd4 31. b4 g5 32. h4 f4 33. hxg5 fxe3 34. fxe3
Nc2 35. Bb5 Qe7 36. Rc1 Rc3 37. Bd6 Qxg5 38. Bf4 Qg4 39. Be2 Qf5 40. b5 Bc8 41.
Qa4 d4 42. Rxc2 Rxc2 43. Qxc2 d3 44. Qd1 dxe2 45. Qxe2 Qc5 46. a4 Be6 47. Qd1
Qd5 48. Qc2 Qc4 49. Qd1 Qd3 50. Qxh5 Bf7 51. Qg5 Qd1+ 52. Kh2 Qh5+ 53. Qxh5 Bxh5
54. b6 1-0

[Event "50th Rilton Cup 2022-23"]
[Site "Stockholm SWE"]
[Date "2022.12.29"]
[Round "3.54"]
[White "Levi, Netanel"]
[Black "Srinath, Rao S.V."]
[Result "0-1"]
[BlackTitle "IM"]
[WhiteElo "2179"]
[BlackElo "2296"]
[WhiteFideId "2815400"]
[BlackFideId "5028876"]
[EventDate "2022.12.27"]

1. e4 e6 2. d4 d5 3. Nd2 Be7 4. e5 c5 5. c3 Nc6 6. Bd3 Qb6 7. Ndf3 Bd7 8. Ne2 f5
9. exf6 gxf6 10. Bf4 cxd4 11. cxd4 Bb4+ 12. Kf1 Nd8 13. Qb1 Ne7 14. Bh6 f5 15.
h4 Nf7 16. Bf4 Bd6 17. a4 Bxf4 18. Nxf4 Nc6 19. a5 Qc7 20. g3 Nd6 21. Qd1 O-O-O
22. a6 Kb8 23. axb7 Qb6 24. Kg2 Ne4 25. Bxe4 dxe4 26. Ng5 Nxd4 27. Nf7 Bc6 28.
Nxd8 Rxd8 29. Kh3 e3 30. Rh2 Bf3 31. Qa4 Bg4+ 32. Kg2 Qxb7+ 33. f3 Nxf3 34. Nd5
Qxb2+ 35. Kf1 Nxh2+ 0-1

[Event "50th Rilton Cup 2022-23"]
[Site "Stockholm SWE"]
[Date "2022.12.29"]
[Round "3.55"]
[White "Sadekov, Maksim"]
[Black "Falkevall, Axel"]
[Result "0-1"]
[BlackTitle "FM"]
[WhiteElo "2113"]
[BlackElo "2287"]
[WhiteFideId "4508912"]
[BlackFideId "1735560"]
[EventDate "2022.12.27"]

1. d4 Nf6 2. c4 g6 3. Nc3 Bg7 4. e4 d6 5. Be2 O-O 6. Bg5 c5 7. d5 h6 8. Bf4 e6
9. Qd2 exd5 10. exd5 Kh7 11. Nf3 Bf5 12. O-O Ne4 13. Nxe4 Bxe4 14. Ne1 Qe7 15.
f3 Bf5 16. Bd3 Bxd3 17. Nxd3 Nd7 18. Rae1 Qf6 19. Re4 Rfe8 20. Rfe1 Rxe4 21.
Rxe4 b5 22. b3 bxc4 23. bxc4 Rb8 24. Kf2 Rb1 25. Qe2 Qa1 26. Re7 Nf6 27. Rxf7
Rh1 28. Kg3 Nh5+ 29. Kh3 Kg8 30. Re7 Qf6 31. Re8+ Kh7 32. g3 Rg1 33. Qd2 Qf5+
34. g4 Qxd3 35. gxh5 Qf5+ 0-1

[Event "50th Rilton Cup 2022-23"]
[Site "Stockholm SWE"]
[Date "2022.12.29"]
[Round "3.56"]
[White "Shailesh, Dravid"]
[Black "Harshad, S"]
[Result "1-0"]
[WhiteTitle "FM"]
[BlackTitle "FM"]
[WhiteElo "2286"]
[BlackElo "2202"]
[WhiteFideId "25017969"]
[BlackFideId "46616551"]
[EventDate "2022.12.27"]

1. e4 c5 2. Nf3 d6 3. d4 cxd4 4. Nxd4 Nf6 5. Nc3 a6 6. Be2 e5 7. Nb3 Be6 8. Be3
Nbd7 9. g4 h6 10. h4 Be7 11. Rg1 Nh7 12. Rh1 Nhf6 13. Rg1 Nh7 14. Qd2 Bxh4 15.
Qxd6 Be7 16. Qd3 Ndf6 17. Nc5 Qxd3 18. cxd3 Ng5 19. N3a4 Nd7 20. Nxb7 Nh3 21.
Rg3 Nf4 22. a3 Rc8 23. Rc1 O-O 24. Nbc5 Bh4 25. Rg1 Nxc5 26. Nxc5 a5 27. d4 Nxe2
28. Kxe2 exd4 29. Bxd4 Rcd8 30. Be3 Bf6 31. b4 Bb2 32. Rc2 Bxa3 33. Nxe6 fxe6
34. bxa5 Ra8 35. Ra1 Rxa5 36. Rca2 Rfa8 37. Bd2 Ra4 38. f3 g5 39. Bc1 Bxc1 40.
Rxa4 Rxa4 41. Rxa4 Kf7 42. Kd3 Kf6 43. Ra5 Bb2 44. Rb5 Be5 45. Kc4 Bg3 46. Rc5
Bd6 47. Rc6 Ke5 48. Kd3 Ba3 49. Rc8 Kf6 50. Rh8 Kg7 51. Rb8 Kf6 52. Kd4 Bd6 53.
Rb5 Bg3 54. e5+ Kg6 55. Rb2 h5 56. gxh5+ Kxh5 57. Ke4 Kg6 58. Rb7 Bh4 59. Re7 g4
60. Rxe6+ Kf7 61. Rh6 1-0

[Event "50th Rilton Cup 2022-23"]
[Site "Stockholm SWE"]
[Date "2022.12.29"]
[Round "3.57"]
[White "Loay, Sameer"]
[Black "Cederstam, Carl"]
[Result "1/2-1/2"]
[WhiteTitle "IM"]
[BlackTitle "FM"]
[WhiteElo "2153"]
[BlackElo "2276"]
[WhiteFideId "8104239"]
[BlackFideId "1713329"]
[EventDate "2022.12.27"]

1. Nf3 d5 2. g3 Nf6 3. Bg2 e6 4. O-O c5 5. d3 Nc6 6. Nbd2 Bd6 7. e4 O-O 8. Qe2
Qc7 9. Re1 Nd7 10. c3 b6 11. d4 h6 12. exd5 exd5 13. Nf1 Nf6 14. Ne3 Re8 15.
Nxd5 Rxe2 16. Nxc7 Rxe1+ 17. Nxe1 Bxc7 18. Bxc6 Rb8 19. Be3 Ng4 20. Bd2 Ba6 21.
Nf3 cxd4 22. cxd4 Nf6 23. Bb4 Rc8 24. d5 Bc4 25. Rd1 Be2 26. Rc1 Bxf3 27. Bb7
Rb8 28. Rxc7 Bxd5 29. Bxd5 Nxd5 30. Rc4 1/2-1/2

[Event "50th Rilton Cup 2022-23"]
[Site "Stockholm SWE"]
[Date "2022.12.29"]
[Round "3.58"]
[White "Tryggestad, Andreas Garberg"]
[Black "Delgerdalai, Bayarjavkhlan"]
[Result "0-1"]
[WhiteTitle "FM"]
[WhiteElo "2276"]
[BlackElo "2100"]
[WhiteFideId "1513338"]
[BlackFideId "23727276"]
[EventDate "2022.12.27"]

1. c4 e6 2. Nc3 d5 3. d4 a6 4. cxd5 exd5 5. Nf3 Nf6 6. Bg5 Be6 7. e3 Nbd7 8. Bd3
Bd6 9. O-O c6 10. a3 O-O 11. b4 Qc7 12. Rc1 h6 13. Bh4 Bg4 14. h3 Be6 15. Bxf6
Nxf6 16. Nd2 Qe7 17. Na4 g6 18. Nc5 Kg7 19. Qe2 Bc8 20. Rb1 a5 21. b5 Bxc5 22.
dxc5 Qxc5 23. Rfc1 Qxa3 24. bxc6 bxc6 25. Rxc6 Bd7 26. Rcb6 a4 27. Nf3 Rfe8 28.
Nd4 Qe7 29. Rb7 a3 30. Qa2 Qc5 31. Ra1 Ra4 32. Bc2 Rc4 33. Qxa3 Rxc2 34. Nxc2
Qxc2 35. Rc1 Qf5 36. Qb2 Kg8 37. Rcc7 Be6 38. Re7 Rc8 39. Rb8 Rxb8 40. Qxb8+ Kg7
41. Ra7 Nd7 42. Qb2+ Qe5 43. Qxe5+ Nxe5 44. Kf1 Kf6 45. Ke2 g5 46. Ra8 Ng6 47.
Ra4 Ke5 48. Ra8 h5 49. Rg8 Bd7 50. Rb8 f5 51. Rb6 Be6 52. Rb7 f4 53. Rh7 fxe3
54. fxe3 h4 55. Rg7 Bf5 56. Kf2 Kf6 57. Rg8 Be6 58. Ra8 Ne5 59. Rf8+ Ke7 60. Ra8
Nc4 61. Ke2 Kf6 62. Rf8+ Ke5 63. Re8 Nd6 64. Re7 Kf6 65. Ra7 Nf5 66. Ra8 Bd7 67.
Kf2 Ke5 68. Rd8 Bb5 69. Kf3 Ba4 70. Rg8 Bd1+ 71. Kf2 Kf6 72. Rf8+ Kg6 73. Rg8+
Ng7 74. Rf8 Ne6 75. Re8 Kf5 76. Re7 Ke5 77. Ke1 Bc2 78. Kf2 Bf5 79. Kf3 Kf6 80.
Re8 Be4+ 81. Kf2 Nc5 82. Rf8+ Kg7 83. Rb8 Nd3+ 84. Kf1 Ne5 85. Kf2 g4 86. Re8
g3+ 87. Kg1 Nc4 0-1

[Event "50th Rilton Cup 2022-23"]
[Site "Stockholm SWE"]
[Date "2022.12.29"]
[Round "3.59"]
[White "Karavade, Eesha"]
[Black "Mahitosh, Dey"]
[Result "1/2-1/2"]
[WhiteTitle "IM"]
[BlackTitle "FM"]
[WhiteElo "2325"]
[BlackElo "2134"]
[WhiteFideId "5012600"]
[BlackFideId "25091468"]
[EventDate "2022.12.27"]

1. d4 d5 2. c4 c6 3. Nf3 dxc4 4. e3 b5 5. a4 e6 6. b3 Bb4+ 7. Bd2 Bxd2+ 8. Nfxd2
cxb3 9. axb5 b2 10. Ra2 Ne7 11. Rxb2 O-O 12. Be2 cxb5 13. Bxb5 Nd7 14. Nc3 Nb6
15. O-O Bb7 16. Na4 Qd5 17. Nf3 Nxa4 18. Qxa4 Bc6 19. Bxc6 Qxc6 20. Qxc6 Nxc6
21. Rc1 Rfc8 22. Rbc2 Ne7 23. Rxc8+ Rxc8 24. Rxc8+ Nxc8 25. Kf1 f6 26. Ke2 Kf7
27. Kd3 Ke7 28. Nd2 Nd6 29. Nb3 Nb7 30. Kc4 Nd6+ 31. Kd3 Nb7 32. Kc4 Nd6+ 1/2-1/2

[Event "50th Rilton Cup 2022-23"]
[Site "Stockholm SWE"]
[Date "2022.12.29"]
[Round "3.60"]
[White "Ask, Josef"]
[Black "Rietze, Clemens"]
[Result "0-1"]
[WhiteTitle "FM"]
[BlackTitle "FM"]
[WhiteElo "2202"]
[BlackElo "2359"]
[WhiteFideId "1704583"]
[BlackFideId "24620351"]
[EventDate "2022.12.27"]

1. e4 c6 2. c4 d5 3. cxd5 cxd5 4. exd5 Nf6 5. Nc3 Nxd5 6. d4 Nc6 7. Bc4 Nb6 8.
Bb5 Be6 9. Nge2 g6 10. Nf4 Bd7 11. O-O Bg7 12. Be3 O-O 13. Qd2 Nb4 14. Be2 Bc6
15. Rfd1 e6 16. a3 N4d5 17. Nfxd5 Nxd5 18. Bh6 Rc8 19. Rac1 Ne7 20. Bxg7 Kxg7
21. Bf1 Qa5 22. Qf4 Rfd8 23. Rd3 Qf5 24. Qh4 Qf6 25. Qxf6+ Kxf6 26. Rcd1 Nd5 27.
f3 Ke7 28. Kf2 Be8 29. Nxd5+ Rxd5 30. R1d2 Ba4 31. Be2 Kd6 32. Bd1 Bxd1 33. Rxd1
Rb5 34. R1d2 Kd5 35. Re3 f6 36. Red3 Rc1 37. b4 Rb6 38. Rd1 Rc2+ 39. R1d2 Rc1
40. Kg3 Rbc6 41. h4 h5 42. Kf4 Rh1 43. Kg3 Re1 44. Kf2 Rcc1 45. Kg3 Rc4 46. Kf2
Rec1 47. Ke3 Rh1 48. g3 Rg1 49. Kf2 Rcc1 50. f4 Rh1 51. Kg2 Rhe1 52. Kf2 Re4 53.
Re2 Rc4 54. Rxe4 Kxe4 55. Re3+ Kd5 56. Kf3 b6 57. Rd3 Rxd4 58. Rc3 e5 59. fxe5
fxe5 60. Re3 Rd2 61. Rc3 Kd4 62. Rc6 e4+ 63. Kf4 Rf2+ 64. Kg5 Rf5+ 65. Kxg6 Rd5
66. g4 hxg4 67. h5 g3 68. h6 g2 69. Rc1 Ke3 70. h7 Rd8 71. Kg7 Kf2 72. Rc2+ Kf3
73. Rc1 e3 0-1

[Event "50th Rilton Cup 2022-23"]
[Site "Stockholm SWE"]
[Date "2022.12.29"]
[Round "3.61"]
[White "Soderstrom, Adrian"]
[Black "Ilamparthi, A R"]
[Result "1-0"]
[WhiteTitle "CM"]
[WhiteElo "2202"]
[BlackElo "2336"]
[WhiteFideId "1745786"]
[BlackFideId "45015775"]
[EventDate "2022.12.27"]

1. d4 Nf6 2. c4 g6 3. Nc3 Bg7 4. e4 d6 5. Be2 O-O 6. Be3 e5 7. d5 Na6 8. h4 Nc5
9. Qc2 c6 10. h5 cxd5 11. cxd5 Qa5 12. h6 Bh8 13. f3 Bd7 14. Rb1 Na4 15. Qd2
Nxc3 16. bxc3 Qc7 17. g4 Rfc8 18. c4 b6 19. Nh3 Rab8 20. Nf2 Be8 21. O-O Nd7 22.
g5 f6 23. gxf6 Nxf6 24. f4 Qe7 25. fxe5 Qxe5 26. Bf4 Qe7 27. Rbe1 Nd7 28. Bg4
Bf7 29. Nh3 Rxc4 30. Ng5 Bd4+ 31. Kh1 Rbc8 32. Bh2 Be8 33. Be6+ Kh8 34. Rf7 Bxf7
35. Nxf7+ Qxf7 36. Bxf7 Bc3 37. Qf4 Be5 38. Qg4 Rc1 39. Rg1 R8c2 40. Bxe5+ Nxe5
41. Qf4 Rxg1+ 42. Kxg1 1-0

[Event "50th Rilton Cup 2022-23"]
[Site "Stockholm SWE"]
[Date "2022.12.29"]
[Round "3.62"]
[White "Shaik, Sumer Arsh"]
[Black "Mittelberger, Peter"]
[Result "1-0"]
[WhiteTitle "CM"]
[WhiteElo "2290"]
[BlackElo "2206"]
[WhiteFideId "45020000"]
[BlackFideId "1602942"]
[EventDate "2022.12.27"]

1. d4 g6 2. e4 Bg7 3. Nf3 d6 4. h3 Nf6 5. Nc3 O-O 6. Be2 a6 7. a4 Nc6 8. O-O e5
9. dxe5 dxe5 10. Be3 Qxd1 11. Raxd1 Re8 12. Bc4 Be6 13. Bxe6 Rxe6 14. Nd5 Rc8
15. Ng5 Ree8 16. c3 Red8 17. b4 Nxd5 18. exd5 Ne7 19. c4 Nf5 20. Ne4 Nxe3 21.
fxe3 Bh6 22. Nf6+ Kg7 23. Ng4 Bg5 24. Nxe5 Bxe3+ 25. Kh1 f5 26. Rfe1 f4 27. Nf3
h6 28. Nd4 Kf6 29. Nb3 Re8 30. Na5 Re4 31. Nxb7 Rxc4 32. d6 cxd6 33. Nxd6 Ke5
34. Nxc8 Rxc8 35. Rd7 Rc6 36. Rb7 g5 37. b5 axb5 38. axb5 Rg6 39. b6 g4 40. Re7+
Kf5 41. b7 Rb6 42. hxg4+ Kxg4 43. Rg7+ Kf5 44. Rf1 Ke4 45. Kh2 Rb5 46. Kh3 Rb3
47. Kg4 Kd5 48. Rh1 Rb2 49. Kf5 Bd4 50. Rd7+ 1-0

[Event "50th Rilton Cup 2022-23"]
[Site "Stockholm SWE"]
[Date "2022.12.29"]
[Round "3.63"]
[White "Westerinen, Heikki M.J."]
[Black "Joel Paul Ganta"]
[Result "1-0"]
[WhiteTitle "GM"]
[WhiteElo "2253"]
[BlackElo "2183"]
[WhiteFideId "500020"]
[BlackFideId "35066145"]
[EventDate "2022.12.27"]

1. e4 c5 2. Nc3 d6 3. g3 g6 4. Bg2 Bg7 5. d3 Nc6 6. Nge2 Bd7 7. O-O Rb8 8. Be3
Nf6 9. h3 Qc8 10. Kh2 h5 11. f3 Nd4 12. Qd2 b5 13. Rae1 e5 14. Nd1 Qa6 15. Nc1
h4 16. g4 Ne6 17. a3 d5 18. g5 d4 19. gxf6 dxe3 20. fxg7 Nxg7 21. Nxe3 Be6 22.
Ng4 Nh5 23. Qg5 Ng3 24. Rf2 Kd7 25. Qxe5 Kc6 26. d4 cxd4 27. Rd2 Rhd8 28. Rxd4
Qb6 29. Red1 Kb7 30. Rxd8 Rxd8 31. Rxd8 Qxd8 32. Qxb5+ Kc8 33. Nd3 Ne2 34. Qc6+
Kb8 35. Nc5 Bc8 36. Ne5 Qc7 37. Qxc7+ Kxc7 38. Nxf7 1-0